8 Scenes, 1 Movie! XV Quiz Stats

 Plays Quiz Updated Mar 25, 2018

Challenge
Share
Tweet
Score 0/25 Timer 10:00
2 Plays Today
% Correct
A Bug's Life
95.5%
Shawshank Redemption
82.8%
Ocean's Eleven
78.7%
The LEGO Batman Movie
78.2%
Harry Potter and the Sorcerer's Stone
75%
Aliens
71.2%
Halloween
70.9%
Napoleon Dynamite
69.5%
Tangled
65.7%
The Incredible Hulk
59.2%
Fear and Loathing in Las Vegas
56.1%
12 Angry Men
52.9%
The Adventures of Tintin: The Secret of the Unicorn
50%
% Correct
Interview with the Vampire
43.5%
Big Trouble in Little China
43.5%
The Aviator
38.3%
Adaptation
35.4%
Jackie Brown
35.2%
Gone With the Wind
35%
Hellboy
33.1%
A Million Ways to Die in the West
32.1%
The Road
30.4%
The Hitchhiker's Guide to the Galaxy
22.7%
Blade II
21.8%
The Great Wall
16.6%

You're not logged in!

Compare scores with friends on all Sporcle quizzes.
OR
Log In

You Might Also Like...

Show Comments

Extras

Top Quizzes Today


Score Distribution

Your Account Isn't Verified!

In order to create a playlist on Sporcle, you need to verify the email address you used during registration. Go to your Sporcle Settings to finish the process.

Report this User

Report this user for behavior that violates our Community Guidelines.

Details: